Top 14 Television Villains - Statistics

General Stats
  • This quiz has been taken 34 times
  • The average score is 4 of 14
Answer Stats
Description Answer % Correct
Seductive Gotham City cat-burglar, 'Batman' Selena Kyle AKA Catwoman
88%
Plutocrat owner of the Springfield Nuclear Power Plant, 'The Simpsons' Charles Montgomery Burns
66%
Amoral, sadist boy king, 'Game of Thrones' Joffrey Baratheon
50%
Egocentric and greedy oil-magnate, 'Dallas' John Ross "J.R." Ewing Jr.
50%
Machiavellian meth empire executive, 'Breaking Bad' Gustavo "Gus" Fring
44%
Cybernetic alien hive-mind, 'Star Trek: The Next Generation' The Borg
34%
Manipulative leader of the Others, 'LOST' Benjamin Linus
22%
Malevolent pimp and entertainer, 'Deadwood' Al Swearengen
9%
Demonic entity that feeds on fear, 'Twin Peaks' Killer BOB
9%
Self-absorbed mother of mafia-don Tony, 'The Sopranos' Livia Soprano
9%
White-supremacist charismatic bank-robber, 'Justified' Boyd Crowder
6%
Ruthless Baltimore drug kingpin, 'The Wire' Marlo Stanfield
6%
Cold-blooded black-ops expert, 'Scandal' Elijah "Eli" Pope
3%
Hot-headed Prohibition Era gangster, 'Boardwalk Empire' Giuseppe Colombano "Gyp" Rosetti
0%
No matching quizzes found
Score Distribution
Percent of People with Each Score
Percentile by Number Answered
Your Score History
You have not taken this quiz